00603nam a22001817a 4500003000500000005001700005008004100022020002600063040001900089082002100108100002100129245003600150260003700186300002700223538004000250650010500290856002600395Nust20170515121530.0140429b xxu||||| |||| 00| 0 eng d cAvailablea8129709384 aDLCbDLCcRCMS 24th,ed.a518 MAT aMETHEWS, JOHN H. aNumerical Methods Using MATLAB  aIndiabPearson Educationcc 2004 ax,690,p:bill:c26,cm. iShelf # 15, Row # 3, Communication. aMathematics/ computer science/ physical sciences/ and engineering. Knowledge of calculus is assumed. 3Table of Content Only